<?xml version="1.0" encoding="UTF-8"?>
<record
    xmlns:xsi="http://www.w3.org/2001/XMLSchema-instance"
    xsi:schemaLocation="http://www.loc.gov/MARC21/slim http://www.loc.gov/standards/marcxml/schema/MARC21slim.xsd"
    xmlns="http://www.loc.gov/MARC21/slim">

  <leader>01559nas a2200277 454500</leader>
  <controlfield tag="001">2758</controlfield>
  <controlfield tag="005">20260407193504.0</controlfield>
  <controlfield tag="008">260407s2010####ag###########|||spa#d</controlfield>
  <controlfield tag="003">AR-UNSa-BCEJYS</controlfield>
  <datafield tag="040" ind1=" " ind2=" ">
    <subfield code="a">AR-UNSa-BCEJYS</subfield>
    <subfield code="b">spa</subfield>
    <subfield code="c">AR-UNSa-BCEJYS</subfield>
  </datafield>
  <datafield tag="080" ind1=" " ind2=" ">
    <subfield code="a">657</subfield>
    <subfield code="x">Contabilidad</subfield>
  </datafield>
  <datafield tag="245" ind1="1" ind2="0">
    <subfield code="a">Escritos contables y de administraci&#xF3;n</subfield>
  </datafield>
  <datafield tag="022" ind1=" " ind2=" ">
    <subfield code="a">1853-2063</subfield>
  </datafield>
  <datafield tag="264" ind1=" " ind2="1">
    <subfield code="a">Bah&#xED;a Blanca :</subfield>
    <subfield code="b">Universidad Nacional del Sur. Departamento de Ciencias de la Administraci&#xF3;n</subfield>
    <subfield code="c">2010</subfield>
  </datafield>
  <datafield tag="310" ind1=" " ind2=" ">
    <subfield code="a">Frecuencia: Semestral</subfield>
  </datafield>
  <datafield tag="505" ind1=" " ind2=" ">
    <subfield code="a">Escritos contables y de administraci&#xF3;n es una publicaci&#xF3;n semestral del Departamento de Ciencias de la Administraci&#xF3;n de la Universidad Nacional del Sur. Ha sido editada desde 1964 hasta 2005 bajo el nombre de Escritos contables, y en su continuaci&#xF3;n busca contribuir al avance y divulgaci&#xF3;n del conocimiento cient&#xED;fico y t&#xE9;cnico de la Contabilidad, Administraci&#xF3;n y dem&#xE1;s disciplinas afines. Sus objetivos incluyen difundir los resultados de investigaciones tanto te&#xF3;ricas como aplicadas, comunicar al &#xE1;mbito acad&#xE9;mico y profesional los avances relevantes y fomentar la visibilidad de las investigaciones locales. </subfield>
  </datafield>
  <datafield tag="041" ind1=" " ind2=" ">
    <subfield code="a">spa</subfield>
  </datafield>
  <datafield tag="942" ind1=" " ind2=" ">
    <subfield code="c">SER</subfield>
  </datafield>
  <datafield tag="590" ind1=" " ind2=" ">
    <subfield code="a">niveau_biblio:s niveau_hierar:1</subfield>
  </datafield>
  <datafield tag="100" ind1="1" ind2=" ">
    <subfield code="a">Universidad Nacional del Sur. Departamento de Ciencias de la Administraci&#xF3;n</subfield>
  </datafield>
  <datafield tag="700" ind1="1" ind2=" ">
    <subfield code="a">Ortiz, Ra&#xFA;l</subfield>
  </datafield>
  <datafield tag="650" ind1=" " ind2=" ">
    <subfield code="a">CONTABILIDAD</subfield>
  </datafield>
  <datafield tag="650" ind1=" " ind2=" ">
    <subfield code="a">Administraci&#xF3;n</subfield>
  </datafield>
  <datafield tag="650" ind1=" " ind2=" ">
    <subfield code="a">ADMINISTRACION PUBLICA</subfield>
  </datafield>
  <datafield tag="856" ind1="4" ind2="1">
    <subfield code="u">https://biblioeco.unsa.edu.ar/pmb/images/revistas/R09859.jpg</subfield>
    <subfield code="y">Imagen de portada</subfield>
    <subfield code="q">image/jpeg</subfield>
  </datafield>
  <datafield tag="999" ind1=" " ind2=" ">
    <subfield code="c">8397</subfield>
    <subfield code="d">8397</subfield>
  </datafield>
  <datafield tag="952" ind1=" " ind2=" ">
    <subfield code="0">0</subfield>
    <subfield code="1">0</subfield>
    <subfield code="4">0</subfield>
    <subfield code="7">0</subfield>
    <subfield code="a">BCEJYS</subfield>
    <subfield code="b">BCEJYS</subfield>
    <subfield code="c">17</subfield>
    <subfield code="d">2019-07-01</subfield>
    <subfield code="h">Vol. 10, N&#xBA; 2 - jul./dic. 2019</subfield>
    <subfield code="l">0</subfield>
    <subfield code="o">H657 ESC v10.n2</subfield>
    <subfield code="p">R09859</subfield>
    <subfield code="r">2026-04-10 16:06:32</subfield>
    <subfield code="w">2026-04-10</subfield>
    <subfield code="y">RN</subfield>
  </datafield>
  <datafield tag="952" ind1=" " ind2=" ">
    <subfield code="0">0</subfield>
    <subfield code="1">0</subfield>
    <subfield code="4">0</subfield>
    <subfield code="7">0</subfield>
    <subfield code="a">BCEJYS</subfield>
    <subfield code="b">BCEJYS</subfield>
    <subfield code="c">17</subfield>
    <subfield code="d">2019-01-01</subfield>
    <subfield code="h">Vol. 10, N&#xBA; 1 - ene./jun. 2019</subfield>
    <subfield code="l">0</subfield>
    <subfield code="o">H657 ESC v10.n1</subfield>
    <subfield code="p">R09912</subfield>
    <subfield code="r">2026-04-10 16:06:32</subfield>
    <subfield code="w">2026-04-10</subfield>
    <subfield code="y">RN</subfield>
  </datafield>
  <datafield tag="952" ind1=" " ind2=" ">
    <subfield code="0">0</subfield>
    <subfield code="1">0</subfield>
    <subfield code="4">0</subfield>
    <subfield code="7">0</subfield>
    <subfield code="a">BCEJYS</subfield>
    <subfield code="b">BCEJYS</subfield>
    <subfield code="c">17</subfield>
    <subfield code="d">2018-07-01</subfield>
    <subfield code="h">Vol. 9, N&#xBA; 2 - jul./dic. 2018</subfield>
    <subfield code="l">0</subfield>
    <subfield code="o">H657 ESC v9.n2</subfield>
    <subfield code="p">R22286</subfield>
    <subfield code="r">2026-04-10 16:06:32</subfield>
    <subfield code="w">2026-04-10</subfield>
    <subfield code="y">RN</subfield>
  </datafield>
  <datafield tag="952" ind1=" " ind2=" ">
    <subfield code="0">0</subfield>
    <subfield code="1">0</subfield>
    <subfield code="4">0</subfield>
    <subfield code="7">0</subfield>
    <subfield code="a">BCEJYS</subfield>
    <subfield code="b">BCEJYS</subfield>
    <subfield code="c">17</subfield>
    <subfield code="d">2018-01-01</subfield>
    <subfield code="h">Vol. 9, N&#xBA; 1 - ene./jun. 2018</subfield>
    <subfield code="l">0</subfield>
    <subfield code="o">H657 ESC v9.n1</subfield>
    <subfield code="p">R22201</subfield>
    <subfield code="r">2026-04-10 16:06:32</subfield>
    <subfield code="w">2026-04-10</subfield>
    <subfield code="y">RN</subfield>
  </datafield>
  <datafield tag="952" ind1=" " ind2=" ">
    <subfield code="0">0</subfield>
    <subfield code="1">0</subfield>
    <subfield code="4">0</subfield>
    <subfield code="7">0</subfield>
    <subfield code="a">BCEJYS</subfield>
    <subfield code="b">BCEJYS</subfield>
    <subfield code="c">17</subfield>
    <subfield code="d">2017-07-01</subfield>
    <subfield code="h">Vol. 8, n&#xBA; 2 - jul./dic. 2017</subfield>
    <subfield code="l">0</subfield>
    <subfield code="o">H657 ESC v8.n2</subfield>
    <subfield code="p">R22065</subfield>
    <subfield code="r">2026-04-10 16:06:32</subfield>
    <subfield code="w">2026-04-10</subfield>
    <subfield code="y">RN</subfield>
  </datafield>
  <datafield tag="952" ind1=" " ind2=" ">
    <subfield code="0">0</subfield>
    <subfield code="1">0</subfield>
    <subfield code="4">0</subfield>
    <subfield code="7">0</subfield>
    <subfield code="a">BCEJYS</subfield>
    <subfield code="b">BCEJYS</subfield>
    <subfield code="c">17</subfield>
    <subfield code="d">2017-01-01</subfield>
    <subfield code="h">Vol. 8, N&#xBA; 1 - ene./jun. 2017</subfield>
    <subfield code="l">0</subfield>
    <subfield code="o">H657 ESC v8.n1</subfield>
    <subfield code="p">R21904</subfield>
    <subfield code="r">2026-04-10 16:06:32</subfield>
    <subfield code="w">2026-04-10</subfield>
    <subfield code="y">RN</subfield>
  </datafield>
  <datafield tag="952" ind1=" " ind2=" ">
    <subfield code="0">0</subfield>
    <subfield code="1">0</subfield>
    <subfield code="4">0</subfield>
    <subfield code="7">0</subfield>
    <subfield code="a">BCEJYS</subfield>
    <subfield code="b">BCEJYS</subfield>
    <subfield code="c">17</subfield>
    <subfield code="d">2016-07-01</subfield>
    <subfield code="h">Vol. 7, N&#xBA; 2 - jul./dic. 2006</subfield>
    <subfield code="l">0</subfield>
    <subfield code="o">H657 ESC v7.n2</subfield>
    <subfield code="p">R21751</subfield>
    <subfield code="r">2026-04-10 16:06:32</subfield>
    <subfield code="w">2026-04-10</subfield>
    <subfield code="y">RN</subfield>
  </datafield>
  <datafield tag="952" ind1=" " ind2=" ">
    <subfield code="0">0</subfield>
    <subfield code="1">0</subfield>
    <subfield code="4">0</subfield>
    <subfield code="7">0</subfield>
    <subfield code="a">BCEJYS</subfield>
    <subfield code="b">BCEJYS</subfield>
    <subfield code="c">17</subfield>
    <subfield code="d">2016-01-01</subfield>
    <subfield code="h">Vol. 7, N&#xBA; 1 - ene./jun. 2016</subfield>
    <subfield code="l">0</subfield>
    <subfield code="o">H657 ESC v7.n1</subfield>
    <subfield code="p">R21284</subfield>
    <subfield code="r">2026-04-10 16:06:32</subfield>
    <subfield code="w">2026-04-10</subfield>
    <subfield code="y">RN</subfield>
  </datafield>
  <datafield tag="952" ind1=" " ind2=" ">
    <subfield code="0">0</subfield>
    <subfield code="1">0</subfield>
    <subfield code="4">0</subfield>
    <subfield code="7">0</subfield>
    <subfield code="a">BCEJYS</subfield>
    <subfield code="b">BCEJYS</subfield>
    <subfield code="c">17</subfield>
    <subfield code="d">2015-07-01</subfield>
    <subfield code="h">Vol. 6, N&#xBA; 2 - jul./dic. 2015</subfield>
    <subfield code="l">0</subfield>
    <subfield code="o">H657 ESC v6.n2</subfield>
    <subfield code="p">R21283</subfield>
    <subfield code="r">2026-04-10 16:06:32</subfield>
    <subfield code="w">2026-04-10</subfield>
    <subfield code="y">RN</subfield>
  </datafield>
  <datafield tag="952" ind1=" " ind2=" ">
    <subfield code="0">0</subfield>
    <subfield code="1">0</subfield>
    <subfield code="4">0</subfield>
    <subfield code="7">0</subfield>
    <subfield code="a">BCEJYS</subfield>
    <subfield code="b">BCEJYS</subfield>
    <subfield code="c">17</subfield>
    <subfield code="d">2015-01-01</subfield>
    <subfield code="h">Vol. 6, N&#xBA; 1 - ene./jun. 2015</subfield>
    <subfield code="l">0</subfield>
    <subfield code="o">H657 ESC v6.n1</subfield>
    <subfield code="p">R20696</subfield>
    <subfield code="r">2026-04-10 16:06:32</subfield>
    <subfield code="w">2026-04-10</subfield>
    <subfield code="y">RN</subfield>
  </datafield>
  <datafield tag="952" ind1=" " ind2=" ">
    <subfield code="0">0</subfield>
    <subfield code="1">0</subfield>
    <subfield code="4">0</subfield>
    <subfield code="7">0</subfield>
    <subfield code="a">BCEJYS</subfield>
    <subfield code="b">BCEJYS</subfield>
    <subfield code="c">17</subfield>
    <subfield code="d">2014-07-01</subfield>
    <subfield code="h">Vol. 5, N&#xBA; 2 - jul./dic. 2014</subfield>
    <subfield code="l">0</subfield>
    <subfield code="o">H657 ESC v5.n2</subfield>
    <subfield code="p">R20482</subfield>
    <subfield code="r">2026-04-10 16:06:32</subfield>
    <subfield code="w">2026-04-10</subfield>
    <subfield code="y">RN</subfield>
  </datafield>
  <datafield tag="952" ind1=" " ind2=" ">
    <subfield code="0">0</subfield>
    <subfield code="1">0</subfield>
    <subfield code="4">0</subfield>
    <subfield code="7">0</subfield>
    <subfield code="a">BCEJYS</subfield>
    <subfield code="b">BCEJYS</subfield>
    <subfield code="c">17</subfield>
    <subfield code="d">2014-01-01</subfield>
    <subfield code="h">Vol. 5, N&#xBA;1 - ene./jun. 2014</subfield>
    <subfield code="l">0</subfield>
    <subfield code="o">H657 ESC v5.n1</subfield>
    <subfield code="p">R19503</subfield>
    <subfield code="r">2026-04-10 16:06:32</subfield>
    <subfield code="w">2026-04-10</subfield>
    <subfield code="y">RN</subfield>
  </datafield>
  <datafield tag="952" ind1=" " ind2=" ">
    <subfield code="0">0</subfield>
    <subfield code="1">0</subfield>
    <subfield code="4">0</subfield>
    <subfield code="7">0</subfield>
    <subfield code="a">BCEJYS</subfield>
    <subfield code="b">BCEJYS</subfield>
    <subfield code="c">17</subfield>
    <subfield code="d">2013-07-01</subfield>
    <subfield code="h">Vol. 4, N&#xBA; 2 - jul./dic. 2013</subfield>
    <subfield code="l">0</subfield>
    <subfield code="o">H657 ESC v4.n2</subfield>
    <subfield code="p">R17043</subfield>
    <subfield code="r">2026-04-10 16:06:32</subfield>
    <subfield code="w">2026-04-10</subfield>
    <subfield code="y">RN</subfield>
  </datafield>
  <datafield tag="952" ind1=" " ind2=" ">
    <subfield code="0">0</subfield>
    <subfield code="1">0</subfield>
    <subfield code="4">0</subfield>
    <subfield code="7">0</subfield>
    <subfield code="a">BCEJYS</subfield>
    <subfield code="b">BCEJYS</subfield>
    <subfield code="c">17</subfield>
    <subfield code="d">2013-01-01</subfield>
    <subfield code="h">Vol. 4, N&#xBA;1 - ene./jun. 2013</subfield>
    <subfield code="l">0</subfield>
    <subfield code="o">H657 ESC v4.n1</subfield>
    <subfield code="p">R14234</subfield>
    <subfield code="r">2026-04-10 16:06:32</subfield>
    <subfield code="w">2026-04-10</subfield>
    <subfield code="y">RN</subfield>
  </datafield>
  <datafield tag="952" ind1=" " ind2=" ">
    <subfield code="0">0</subfield>
    <subfield code="1">0</subfield>
    <subfield code="4">0</subfield>
    <subfield code="7">0</subfield>
    <subfield code="a">BCEJYS</subfield>
    <subfield code="b">BCEJYS</subfield>
    <subfield code="c">17</subfield>
    <subfield code="d">2012-07-01</subfield>
    <subfield code="h">Vol. 3, N&#xBA; 2 - jul./dic. 2012</subfield>
    <subfield code="l">0</subfield>
    <subfield code="o">H657 ESC v3.n2</subfield>
    <subfield code="p">R10712</subfield>
    <subfield code="r">2026-04-10 16:06:32</subfield>
    <subfield code="w">2026-04-10</subfield>
    <subfield code="y">RN</subfield>
  </datafield>
  <datafield tag="952" ind1=" " ind2=" ">
    <subfield code="0">0</subfield>
    <subfield code="1">0</subfield>
    <subfield code="4">0</subfield>
    <subfield code="7">0</subfield>
    <subfield code="a">BCEJYS</subfield>
    <subfield code="b">BCEJYS</subfield>
    <subfield code="c">17</subfield>
    <subfield code="d">2012-01-01</subfield>
    <subfield code="h">Vol. 3, N&#xBA; 1 - ene./jun. 2012</subfield>
    <subfield code="l">0</subfield>
    <subfield code="o">H657 ESC v3.n1</subfield>
    <subfield code="p">R07947</subfield>
    <subfield code="r">2026-04-10 16:06:32</subfield>
    <subfield code="w">2026-04-10</subfield>
    <subfield code="y">RN</subfield>
  </datafield>
  <datafield tag="952" ind1=" " ind2=" ">
    <subfield code="0">0</subfield>
    <subfield code="1">0</subfield>
    <subfield code="4">0</subfield>
    <subfield code="7">0</subfield>
    <subfield code="a">BCEJYS</subfield>
    <subfield code="b">BCEJYS</subfield>
    <subfield code="c">17</subfield>
    <subfield code="d">2011-07-01</subfield>
    <subfield code="h">Vol. 2, N&#xBA; 2 - jul./dic. 2011</subfield>
    <subfield code="l">0</subfield>
    <subfield code="o">H657 ESC v2.n2</subfield>
    <subfield code="p">R05967</subfield>
    <subfield code="r">2026-04-10 16:06:32</subfield>
    <subfield code="w">2026-04-10</subfield>
    <subfield code="y">RN</subfield>
  </datafield>
  <datafield tag="952" ind1=" " ind2=" ">
    <subfield code="0">0</subfield>
    <subfield code="1">0</subfield>
    <subfield code="4">0</subfield>
    <subfield code="7">0</subfield>
    <subfield code="a">BCEJYS</subfield>
    <subfield code="b">BCEJYS</subfield>
    <subfield code="c">17</subfield>
    <subfield code="d">2011-01-01</subfield>
    <subfield code="h">Vol. 2, N&#xBA; 1 - ene./jun. 2011</subfield>
    <subfield code="l">0</subfield>
    <subfield code="o">H657 ESC v2.n1</subfield>
    <subfield code="p">R03980</subfield>
    <subfield code="r">2026-04-10 16:06:32</subfield>
    <subfield code="w">2026-04-10</subfield>
    <subfield code="y">RN</subfield>
  </datafield>
  <datafield tag="952" ind1=" " ind2=" ">
    <subfield code="0">0</subfield>
    <subfield code="1">0</subfield>
    <subfield code="4">0</subfield>
    <subfield code="7">0</subfield>
    <subfield code="a">BCEJYS</subfield>
    <subfield code="b">BCEJYS</subfield>
    <subfield code="c">17</subfield>
    <subfield code="d">2010-07-01</subfield>
    <subfield code="h">Vol. 1, N&#xBA; 2 - jul./dic. 2010</subfield>
    <subfield code="l">0</subfield>
    <subfield code="o">H657 ESC v1.n2</subfield>
    <subfield code="p">R03377</subfield>
    <subfield code="r">2026-04-10 16:06:32</subfield>
    <subfield code="w">2026-04-10</subfield>
    <subfield code="y">RN</subfield>
  </datafield>
</record>
